<?xml version="1.0" encoding="UTF-8"?>
<record
    xmlns:xsi="http://www.w3.org/2001/XMLSchema-instance"
    xsi:schemaLocation="http://www.loc.gov/MARC21/slim http://www.loc.gov/standards/marcxml/schema/MARC21slim.xsd"
    xmlns="http://www.loc.gov/MARC21/slim">

  <leader>01136nam a22002297a 4500</leader>
  <controlfield tag="003">OSt</controlfield>
  <controlfield tag="005">20250521160516.0</controlfield>
  <controlfield tag="008">221027s2013    ck ||||gr|||| 00| f spa d</controlfield>
  <datafield tag="020" ind1=" " ind2=" ">
    <subfield code="a">9789580468752</subfield>
  </datafield>
  <datafield tag="040" ind1=" " ind2=" ">
    <subfield code="a">CO-JMCR</subfield>
    <subfield code="b">spa</subfield>
    <subfield code="c">CO-JMCR</subfield>
  </datafield>
  <datafield tag="041" ind1="0" ind2=" ">
    <subfield code="a">spa</subfield>
  </datafield>
  <datafield tag="082" ind1="0" ind2="4">
    <subfield code="a">J-N</subfield>
    <subfield code="b">BADt</subfield>
  </datafield>
  <datafield tag="100" ind1="1" ind2=" ">
    <subfield code="a">Badr&#xE1;n, Pedro, </subfield>
    <subfield code="e">autor</subfield>
    <subfield code="9">42435</subfield>
  </datafield>
  <datafield tag="245" ind1="1" ind2="0">
    <subfield code="a">Todos los futbolistas van al cielo / </subfield>
    <subfield code="c">Pedro Badr&#xE1;n</subfield>
  </datafield>
  <datafield tag="260" ind1=" " ind2=" ">
    <subfield code="a">Bogot&#xE1; : </subfield>
    <subfield code="b">Norma, </subfield>
    <subfield code="c">2013</subfield>
  </datafield>
  <datafield tag="300" ind1=" " ind2=" ">
    <subfield code="a">108 p&#xE1;ginas ; </subfield>
    <subfield code="c">21 cm</subfield>
  </datafield>
  <datafield tag="490" ind1="0" ind2=" ">
    <subfield code="a">Zona libre</subfield>
  </datafield>
  <datafield tag="520" ind1="3" ind2=" ">
    <subfield code="a">Regresaba a casa despu&#xE9;s de ver en el cielo los primeros murci&#xE9;lagos. Entonces me dorm&#xED;a y so&#xF1;aba con vestir la camiseta de una Selecci&#xF3;n Colombia conformada por mis amigos y dirigida por Amadeo. Jug&#xE1;bamos la Copa Mundo y en la final le gan&#xE1;bamos a Alemania 4 a 3. Yo reemplazaba al odioso Toro Acosta. Y en solo quince minutos met&#xED;a los cuatro goles del triunfo: uno de cabeza, dos de chilena y otro de tiro libre. A veces tambi&#xE9;n so&#xF1;aba con Xiomara y me importaba m&#xE1;s ella que ser campe&#xF3;n del mundo.</subfield>
  </datafield>
  <datafield tag="650" ind1="1" ind2="4">
    <subfield code="a">F&#xFA;tbol</subfield>
    <subfield code="x">novela</subfield>
    <subfield code="9">42436</subfield>
  </datafield>
  <datafield tag="650" ind1="2" ind2="4">
    <subfield code="a">Novela colombiana</subfield>
    <subfield code="y">Siglo XXI</subfield>
    <subfield code="9">10010</subfield>
  </datafield>
  <datafield tag="942" ind1=" " ind2=" ">
    <subfield code="2">ddc</subfield>
    <subfield code="c">BK</subfield>
  </datafield>
  <datafield tag="999" ind1=" " ind2=" ">
    <subfield code="c">29766</subfield>
    <subfield code="d">16150</subfield>
  </datafield>
  <datafield tag="952" ind1=" " ind2=" ">
    <subfield code="0">0</subfield>
    <subfield code="1">0</subfield>
    <subfield code="2">ddc</subfield>
    <subfield code="4">0</subfield>
    <subfield code="7">0</subfield>
    <subfield code="a">CPL</subfield>
    <subfield code="b">CPL</subfield>
    <subfield code="d">2022-10-27</subfield>
    <subfield code="l">2</subfield>
    <subfield code="o">J-N BADt</subfield>
    <subfield code="p">201811572</subfield>
    <subfield code="r">2025-04-04 07:53:08</subfield>
    <subfield code="s">2025-04-03</subfield>
    <subfield code="t">Ej.1</subfield>
    <subfield code="w">2022-10-27</subfield>
    <subfield code="y">BK</subfield>
    <subfield code="z">Primera hoja rasgada (guarda)</subfield>
  </datafield>
</record>
